University Home | Library Home | Institutional Repository

Swedish mission education in colonial Africa : (Record no. 216559)

MARC details
000 -LEADER
fixed length control field 00969nam a22002537a 4500
005 - DATE AND TIME OF LATEST TRANSACTION
control field 20260408130316.0
008 - FIXED-LENGTH DATA ELEMENTS--GENERAL INFORMATION
fixed length control field 260408b |||||||| |||| 00| 0 eng d
040 ## - CATALOGING SOURCE
Original cataloging agency LC
Transcribing agency UNZA
Modifying agency UNZA
Description conventions RDA
050 ## - LIBRARY OF CONGRESS CALL NUMBER
Classification number ZAMB LC 2806.A35
Item number SWE 1985
100 ## - MAIN ENTRY--PERSONAL NAME
Personal name Gustafsson, Ingemar
245 ## - TITLE STATEMENT
Title Swedish mission education in colonial Africa :
Remainder of title a model for rural development? /
Statement of responsibility, etc. Ingemar Gustafsson [and] Christine McNab.
260 ## - PUBLICATION, DISTRIBUTION, ETC.
Place of publication, distribution, etc. Stockholm:
Name of publisher, distributor, etc. Institute of International Education : University of Stockholm,
Date of publication, distribution, etc. 1985
300 ## - PHYSICAL DESCRIPTION
Extent 29 pages.
440 ## - SERIES STATEMENT/ADDED ENTRY--TITLE
Title University of Stockholm. Institute of International Education. Reports, 71
504 ## - BIBLIOGRAPHY, ETC. NOTE
Bibliography, etc. note Includes bibliographical references.
650 ## - SUBJECT ADDED ENTRY--TOPICAL TERM
Topical term or geographic name entry element Bilateral aid
650 ## - SUBJECT ADDED ENTRY--TOPICAL TERM
Topical term or geographic name entry element Colonialism
650 ## - SUBJECT ADDED ENTRY--TOPICAL TERM
Topical term or geographic name entry element Educational development
650 ## - SUBJECT ADDED ENTRY--TOPICAL TERM
Topical term or geographic name entry element International cooperation
650 ## - SUBJECT ADDED ENTRY--TOPICAL TERM
Topical term or geographic name entry element Technical cooperation
700 ## - ADDED ENTRY--PERSONAL NAME
Personal name McNab, Christine
856 ## - ELECTRONIC LOCATION AND ACCESS
Uniform Resource Identifier https://unesdoc.unesco.org/ark:/48223/pf0000171088
942 ## - ADDED ENTRY ELEMENTS (KOHA)
Koha item type Zambian collection
999 ## -
-- 216559
-- 216559
Holdings
Withdrawn status Lost status Source of classification or shelving scheme Damaged status Not for loan Home library Current library Shelving location Date acquired Total Checkouts Full call number Barcode Date last seen Copy number Uniform Resource Identifier Price effective from Koha item type
    Library of Congress Classification     Main Library Main Library Special collections 04/08/2026   ZAMB LC 2806.A35 SWE 1985 33729000122932 04/08/2026 C.1 https://unesdoc.unesco.org/ark:/48223/pf0000171088 04/08/2026 Zambian collection
© 2026 - The University of Zambia Library - Koha v25.11